[Event "Oberbayern Bezirksliga 1617"]
[Site "Germany"]
[Date "2017.02.19"]
[Round "6.7"]
[White "Forster, Siegfried"]
[Black "Gradl, Winfried"]
[Result "1/2-1/2"]
[WhiteElo "1799"]
[BlackElo "1889"]
[PlyCount "88"]
[EventDate "2016.10.16"]
[EventType "team-tourn"]
[EventRounds "9"]
[EventCountry "GER"]
[SourceTitle "EXT 2019"]
[Source "ChessBase"]
[SourceDate "2018.10.10"]
[SourceVersion "1"]
[SourceVersionDate "2018.10.10"]
[SourceQuality "1"]
[WhiteTeam "Moosburg SC"]
[BlackTeam "Fuerstenfeldbruck"]
[WhiteTeamCountry "GER"]
[BlackTeamCountry "GER"]

1. d4 d5 2. Bf4 c5 3. e3 Nc6 4. Nd2 e6 5. c3 Nf6 6. Bd3 Bd6 7. Bg3 0-0 8. Ngf3 b6 9. Ne5 Bb7 10. h4 Qc7 11. Ndf3 Ne4 12. Bxe4 dxe4 13. Ng5 Nxe5 14. dxe5 Bxe5 15. Qh5 h6 16. Nxe6 fxe6 17. Bxe5 Qf7 18. Qxf7+ Rxf7 19. Rd1 Rf5 20. Bf4 Rd5 21. c4 Rxd1+ 22. Kxd1 Ba6 23. b3 b5 24. cxb5 Bxb5 25. Kc2 c4 26. Rd1 cxb3+ 27. axb3 Bd3+ 28. Kb2 Rc8 29. Rc1 Rxc1 30. Kxc1 Kf7 31. Kd2 Kf6 32. g4 g5 33. hxg5+ hxg5 34. Bb8 a6 35. f4 Bf1 36. Kc3 Be2 37. Kd4 gxf4 38. exf4 Bxg4 39. Kxe4 Bd1 40. Be5+ Kg6 41. b4 Bc2+ 42. Kd4 Kf5 43. Kc5 Bd3 44. Kd4 Bb5 1/2-1/2

[Event "Pyramiden Franken Cup"]
[Site "Fuerth"]
[Date "2015.09.05"]
[Round "5"]
[White "Pfadenhauer, Johannes"]
[Black "Gradl, Winfried"]
[Result "1/2-1/2"]
[WhiteElo "2067"]
[BlackElo "1993"]
[PlyCount "59"]
[EventDate "2015.09.03"]
[EventType "swiss"]
[EventRounds "7"]
[EventCountry "GER"]
[SourceTitle "EXT 2016"]
[Source "ChessBase"]
[SourceDate "2015.10.08"]
[SourceVersion "1"]
[SourceVersionDate "2015.10.08"]
[SourceQuality "1"]

1. d4 d5 2. c4 c6 3. Nf3 Nf6 4. Nc3 dxc4 5. a4 Bf5 6. e3 e6 7. Bxc4 Bb4 8. 0-0 Nbd7 9. Qe2 Bg6 10. Rd1 0-0 11. Bd2 a5 12. Be1 Qe7 13. Ne5 Nxe5 14. dxe5 Nd7 15. f4 Rfd8 16. Qf3 Nc5 17. Rd4 Bc2 18. Qh3 Rxd4 19. exd4 Nb3 20. Bxb3 Bxb3 21. Qe3 Bd5 22. Nxd5 cxd5 23. Bxb4 Qxb4 24. Qc3 h5 25. Kf2 Qxc3 26. bxc3 Rc8 27. Ra3 Rc4 28. Kf3 Kh7 29. h3 Kg6 30. g3 1/2-1/2

[Event "Pyramiden Franken Cup"]
[Site "Fuerth"]
[Date "2015.09.03"]
[Round "1"]
[White "Colpe, Malte"]
[Black "Gradl, Winfried"]
[Result "1-0"]
[WhiteElo "2367"]
[BlackElo "1993"]
[PlyCount "77"]
[EventDate "2015.09.03"]
[EventType "swiss"]
[EventRounds "7"]
[EventCountry "GER"]
[SourceTitle "EXT 2016"]
[Source "ChessBase"]
[SourceDate "2015.10.08"]
[SourceVersion "1"]
[SourceVersionDate "2015.10.08"]
[SourceQuality "1"]

1. d4 d5 2. c4 c6 3. Nf3 Nf6 4. Nc3 dxc4 5. a4 Bf5 6. Ne5 Nbd7 7. Nxc4 Nb6 8. Ne5 a5 9. Bg5 Nfd7 10. e4 Nxe5 11. exf5 Nec4 12. b3 Nd6 13. Bd3 g6 14. fxg6 hxg6 15. 0-0 Qc7 16. Bf4 Bg7 17. Rc1 Qd7 18. Be5 0-0 19. Qf3 Ne8 20. Rfd1 Nf6 21. h3 Nbd5 22. Ne4 Nxe4 23. Bxe4 Rfd8 24. h4 Nf6 25. Bxf6 Bxf6 26. h5 gxh5 27. Qxh5 Qe6 28. Qh7+ Kf8 29. Rc3 Rxd4 30. Rxd4 Bxd4 31. Rg3 f5 32. Bxf5 Qf7 33. Qh6+ Bg7 34. Qe3 Rd8 35. Bg6 Rd1+ 36. Kh2 Qd5 37. Rf3+ Bf6 38. Qh6+ Kg8 39. Qh7+ 1-0

[Event "Wunsiedel op 8th"]
[Site "Wunsiedel"]
[Date "2014.05.30"]
[Round "4"]
[White "Zenker, Ulrich"]
[Black "Gradl, Winfried"]
[Result "1-0"]
[WhiteElo "2218"]
[BlackElo "1987"]
[PlyCount "97"]
[EventDate "2014.05.29"]
[EventType "swiss"]
[EventRounds "7"]
[EventCountry "GER"]
[SourceTitle "CBM 160 Extra"]
[Source "ChessBase"]
[SourceDate "2014.07.01"]
[SourceVersion "1"]
[SourceVersionDate "2014.07.01"]
[SourceQuality "1"]

1. e4 c6 2. d3 d5 3. Nd2 e5 4. Ngf3 Bd6 5. g3 Nf6 6. Bg2 Bg4 7. h3 Bh5 8. 0-0 0-0 9. Qe1 Re8 10. Nh4 Qc7 11. Ndf3 dxe4 12. dxe4 Nbd7 13. Nh2 Bg6 14. Nxg6 hxg6 15. Nf3 a5 16. a4 Nc5 17. Ng5 Rad8 18. Qc3 Ne6 19. Nxe6 Rxe6 20. Be3 Nd7 21. Qc4 b6 22. Bf3 Bc5 23. Bg4 Ree8 24. Bxd7 Qxd7 25. Bxc5 bxc5 26. Qxc5 Qd4 27. Qxd4 Rxd4 28. f3 Rb8 29. b3 Rbd8 30. Rae1 g5 31. Re3 c5 32. Rfe1 c4 33. Kf2 Rb8 34. Rc3 cxb3 35. cxb3 Rdb4 36. Ree3 f6 37. Red3 R8b7 38. Ke3 Kf7 39. Kd2 Kg6 40. Kc2 Kh6 41. Rd5 Ra7 42. Rcc5 Rab7 43. Rb5 Rc7+ 44. Rdc5 Rd7 45. Rxa5 Rbd4 46. Rd5 Rc7+ 47. Rac5 Rb7 48. Rxd4 exd4 49. Kb2 1-0

[Event "Regionalliga NO 1011"]
[Site "Bayern"]
[Date "2011.02.27"]
[Round "7.4"]
[White "Gradl, Winfried"]
[Black "Bachstein, Dustin"]
[Result "0-1"]
[WhiteElo "1877"]
[BlackElo "2060"]
[PlyCount "86"]
[EventDate "2010.10.10"]
[EventType "team-tourn"]
[EventRounds "9"]
[EventCountry "GER"]
[SourceTitle "EXT 2012"]
[Source "ChessBase"]
[SourceDate "2011.11.24"]
[SourceVersion "1"]
[SourceVersionDate "2011.11.24"]
[SourceQuality "1"]
[WhiteTeam "Weiden"]
[BlackTeam "Erlangen"]
[WhiteTeamCountry "GER"]
[BlackTeamCountry "GER"]

1. d4 Nf6 2. Bg5 e6 3. e3 d5 4. Bd3 Bd6 5. c3 Nbd7 6. Nd2 e5 7. e4 0-0 8. Ngf3 exd4 9. cxd4 dxe4 10. Nxe4 Qe8 11. Qe2 Nxe4 12. Bxe4 h6 13. Bh4 Bb4+ 14. Kf1 Nb6 15. a3 Bd6 16. Re1 Bd7 17. Qc2 Qc8 18. Bg3 Bb5+ 19. Kg1 f5 20. Bxd6 cxd6 21. Bd3 Qxc2 22. Bxc2 Rac8 23. Bb3+ Bc4 24. Bc2 Bd5 25. Bd3 Nc4 26. Rb1 Be4 27. Ne1 Rfe8 28. h4 Bxd3 29. Nxd3 Re2 30. Rc1 Rd2 31. Rh3 Nb6 32. Rxc8+ Nxc8 33. Kf1 Kf7 34. Ke1 Rc2 35. Rg3 Rc4 36. d5 Rxh4 37. Nc1 Re4+ 38. Kd2 Nb6 39. Rd3 Re5 40. Nb3 Rxd5 41. Nd4 Na4 42. Ke3 Nc5 43. Rd2 Ne6 0-1

[Event "Regionalliga NO 1011"]
[Site "Bayern"]
[Date "2011.02.06"]
[Round "6.4"]
[White "Klimpel, Thomas"]
[Black "Gradl, Winfried"]
[Result "1-0"]
[WhiteElo "2116"]
[BlackElo "1877"]
[PlyCount "59"]
[EventDate "2010.10.10"]
[EventType "team-tourn"]
[EventRounds "9"]
[EventCountry "GER"]
[SourceTitle "EXT 2012"]
[Source "ChessBase"]
[SourceDate "2011.11.24"]
[SourceVersion "1"]
[SourceVersionDate "2011.11.24"]
[SourceQuality "1"]
[WhiteTeam "Kareth Lappersdorf"]
[BlackTeam "Weiden"]
[WhiteTeamCountry "GER"]
[BlackTeamCountry "GER"]

1. d4 d5 2. Nf3 Nf6 3. c4 c6 4. Nc3 a6 5. c5 Bg4 6. Bf4 Bxf3 7. gxf3 Nh5 8. Bd2 e5 9. e3 exd4 10. exd4 g6 11. Qb3 Qe7+ 12. Be2 Bg7 13. Be3 0-0 14. 0-0-0 Qc7 15. Rdg1 Nd7 16. h4 Rfb8 17. Qc2 b6 18. cxb6 Rxb6 19. Nxd5 Qb7 20. Nxb6 Nxb6 21. f4 Nf6 22. h5 Rb8 23. hxg6 fxg6 24. f5 Nbd5 25. fxg6 Ne4 26. Bc4 Nd6 27. Bb3 a5 28. Bh6 Bxd4 29. gxh7+ Kh8 30. Rg8+ 1-0

[Event "Regionalliga NO 1011"]
[Site "Bayern"]
[Date "2011.01.16"]
[Round "5.6"]
[White "Gradl, Winfried"]
[Black "Auburger, Philipp"]
[Result "1-0"]
[WhiteElo "1877"]
[BlackElo "1917"]
[PlyCount "95"]
[EventDate "2010.10.10"]
[EventType "team-tourn"]
[EventRounds "9"]
[EventCountry "GER"]
[SourceTitle "EXT 2012"]
[Source "ChessBase"]
[SourceDate "2011.11.24"]
[SourceVersion "1"]
[SourceVersionDate "2011.11.24"]
[SourceQuality "1"]
[WhiteTeam "Weiden"]
[BlackTeam "Forchheim II"]
[WhiteTeamCountry "GER"]
[BlackTeamCountry "GER"]

1. d4 Nf6 2. Bg5 d5 3. Bxf6 gxf6 4. c4 Bf5 5. e3 e6 6. Nc3 c5 7. cxd5 exd5 8. dxc5 Nc6 9. Qxd5 Qxd5 10. Nxd5 0-0-0 11. 0-0-0 Bxc5 12. Nf3 Rhg8 13. Nh4 Be6 14. Nc3 Rxd1+ 15. Kxd1 Nb4 16. a3 Bb3+ 17. Kc1 Nc6 18. Bd3 Kb8 19. g3 Rg4 20. Bxh7 Ne5 21. Bc2 Be6 22. Rd1 Rc4 23. Bd3 Rxc3+ 24. bxc3 Bxa3+ 25. Kc2 Ng4 26. Bf5 Nxf2 27. Rd4 Bc5 28. Rf4 Bxe3 29. Rf3 Bb6 30. Bxe6 fxe6 31. Rxf6 e5 32. Nf3 e4 33. Nd4 Bxd4 34. cxd4 Ng4 35. Rf8+ Kc7 36. h3 Ne3+ 37. Kd2 Nd5 38. h4 b5 39. h5 b4 40. h6 e3+ 41. Ke2 b3 42. h7 b2 43. Rf1 a5 44. h8Q a4 45. Qe5+ Kc6 46. Qe6+ Kc7 47. Rf7+ Kb8 48. Qe8# 1-0

[Event "Regionalliga NO 1011"]
[Site "Bayern"]
[Date "2010.12.12"]
[Round "4.4"]
[White "Popov, Roman1"]
[Black "Gradl, Winfried"]
[Result "1/2-1/2"]
[WhiteElo "1949"]
[BlackElo "1877"]
[PlyCount "39"]
[EventDate "2010.10.10"]
[EventType "team-tourn"]
[EventRounds "9"]
[EventCountry "GER"]
[SourceTitle "EXT 2012"]
[Source "ChessBase"]
[SourceDate "2011.11.24"]
[SourceVersion "1"]
[SourceVersionDate "2011.11.24"]
[SourceQuality "1"]
[WhiteTeam "Fuerth"]
[BlackTeam "Weiden"]
[WhiteTeamCountry "GER"]
[BlackTeamCountry "GER"]

1. e4 c6 2. Nc3 d5 3. Qf3 dxe4 4. Nxe4 Nd7 5. Qb3 Qb6 6. Nf3 Ngf6 7. Nxf6+ Nxf6 8. Bc4 Qxb3 9. axb3 Bf5 10. c3 e6 11. d4 Bd6 12. 0-0 0-0 13. b4 a6 14. Re1 Rfe8 15. Ne5 Rad8 16. Bg5 h6 17. Bh4 g5 18. Bg3 Ne4 19. Ng4 Bxg4 20. Rxe4 1/2-1/2

[Event "Bad Woerishofen op 26th"]
[Site "Bad Woerishofen"]
[Date "2010.03.12"]
[Round "7"]
[White "Hornung, Hans"]
[Black "Gradl, Winfried"]
[Result "1-0"]
[WhiteElo "2139"]
[BlackElo "2035"]
[PlyCount "45"]
[EventDate "2010.03.06"]
[EventType "swiss"]
[EventRounds "9"]
[EventCountry "GER"]
[SourceTitle "CBM 135 Extra"]
[Source "ChessBase"]
[SourceDate "2010.05.04"]
[SourceVersion "1"]
[SourceVersionDate "2010.05.04"]
[SourceQuality "1"]

1. Nf3 d5 2. c4 c6 3. e3 Nf6 4. Nc3 e6 5. b3 Nbd7 6. Qc2 Be7 7. Bb2 0-0 8. d4 b6 9. Bd3 Bb7 10. 0-0 Qc7 11. Rac1 Rac8 12. Qe2 Qb8 13. Bb1 Rfd8 14. Rcd1 Nf8 15. Ne5 dxc4 16. bxc4 c5 17. f4 g6 18. d5 exd5 19. Nxd5 Nxd5 20. cxd5 f6 21. Ng4 Bxd5 22. Bxf6 Qb7 23. Nh6# 1-0

[Event "Erbendorf op"]
[Site "Erbendorf"]
[Date "2009.06.12"]
[Round "3"]
[White "Gradl, Winfried"]
[Black "Seidel, Rainer"]
[Result "1/2-1/2"]
[WhiteElo "2039"]
[BlackElo "1808"]
[PlyCount "106"]
[EventDate "2009.06.11"]
[EventType "swiss"]
[EventRounds "7"]
[EventCountry "GER"]
[SourceTitle "CBM 130 Extra"]
[Source "ChessBase"]
[SourceDate "2009.07.02"]
[SourceVersion "2"]
[SourceVersionDate "2009.07.15"]
[SourceQuality "1"]

1. d4 d5 2. c4 c6 3. cxd5 cxd5 4. Nf3 Nf6 5. Nc3 Nc6 6. Bf4 Bf5 7. e3 e6 8. Bb5 Nd7 9. Qa4 Rc8 10. 0-0 a6 11. Bxc6 Rxc6 12. Rfc1 Be7 13. Nd1 b5 14. Qb3 Qc8 15. Rxc6 Qxc6 16. Qc3 Qxc3 17. Nxc3 Nb6 18. Ne5 Nc4 19. Nxc4 bxc4 20. Na4 g5 21. Bg3 h5 22. Nc5 Bxc5 23. dxc5 Kd7 24. Rc1 Kc6 25. Bd6 Rd8 26. b3 Bd3 27. f3 Rd7 28. Kf2 Rb7 29. Rc3 f6 30. Ke1 e5 31. Kd2 a5 32. Rc1 a4 33. bxc4 dxc4 34. Kc3 a3 35. Rd1 Rb2 36. Rd2 Rb1 37. Be7 Kb5 38. Rf2 Rc1+ 39. Kd2 Rc2+ 40. Ke1 Rc1+ 41. Kd2 Rc2+ 42. Ke1 Rxf2 43. Kxf2 c3 44. Ke1 Bb1 45. c6 Kxc6 46. Bxa3 Bxa2 47. Bb4 c2 48. Kd2 Bb3 49. Be7 Kd5 50. Bxf6 g4 51. fxg4 hxg4 52. h4 gxh3 53. gxh3 Ke6 1/2-1/2

[Event "Bad Woerishofen op 25th"]
[Site "Bad Woerishofen"]
[Date "2009.03.13"]
[Round "9"]
[White "Gradl, Winfried"]
[Black "Schmidt, Robert"]
[Result "1-0"]
[WhiteElo "2044"]
[BlackElo "2160"]
[PlyCount "41"]
[EventDate "2009.03.05"]
[EventType "swiss"]
[EventRounds "9"]
[EventCountry "GER"]
[SourceTitle "CBM 129 Extra"]
[Source "ChessBase"]
[SourceDate "2009.05.05"]
[SourceVersion "2"]
[SourceVersionDate "2009.05.20"]
[SourceQuality "1"]

1. d4 c5 2. d5 e5 3. e4 d6 4. Nc3 a6 5. a4 b6 6. Nf3 Bg4 7. Be2 Bxf3 8. Bxf3 Be7 9. 0-0 Bg5 10. Bg4 Bxc1 11. Qxc1 Qh4 12. Bh3 Ne7 13. f4 exf4 14. Rxf4 Qg5 15. Qf1 0-0 16. Be6 Qg6 17. Qf2 Ra7 18. Rf1 Nc8 19. Bf5 Qg5 20. Bxc8 Rxc8 21. Rxf7 1-0

[Event "Bad Woerishofen op 25th"]
[Site "Bad Woerishofen"]
[Date "2009.03.10"]
[Round "6"]
[White "Sickinger, Wolfgang"]
[Black "Gradl, Winfried"]
[Result "0-1"]
[WhiteElo "1868"]
[BlackElo "2044"]
[PlyCount "76"]
[EventDate "2009.03.05"]
[EventType "swiss"]
[EventRounds "9"]
[EventCountry "GER"]
[SourceTitle "CBM 129 Extra"]
[Source "ChessBase"]
[SourceDate "2009.05.05"]
[SourceVersion "2"]
[SourceVersionDate "2009.05.20"]
[SourceQuality "1"]

1. d4 d5 2. c4 c6 3. Nf3 Nf6 4. Nc3 dxc4 5. a4 Na6 6. e3 Bg4 7. Bxc4 e6 8. 0-0 Nb4 9. Re1 Be7 10. h3 Bh5 11. Be2 0-0 12. Ne5 Bxe2 13. Qxe2 c5 14. Rd1 cxd4 15. Rxd4 Qc7 16. Nd3 Nc6 17. Rc4 Qb6 18. Bd2 Na5 19. Rf4 Nb3 20. Rd1 Rfd8 21. Be1 Rd7 22. Ne5 Rxd1 23. Qxd1 Rd8 24. Qc2 Na5 25. Nc4 Qb3 26. Qxb3 Nxb3 27. Kf1 g5 28. Rf3 Kg7 29. g4 a6 30. Ke2 Nc1+ 31. Kf1 Nb3 32. Ke2 Nc1+ 33. Kf1 Rc8 34. Nd2 Nd3 35. Nd1 Rc1 36. e4 Ne5 37. Rc3 Rxd1 38. Ke2 Ra1 0-1

[Event "Bad Woerishofen op 25th"]
[Site "Bad Woerishofen"]
[Date "2009.03.05"]
[Round "1"]
[White "Gradl, Winfried"]
[Black "Edouard, Romain"]
[Result "0-1"]
[WhiteElo "2044"]
[BlackElo "2562"]
[PlyCount "48"]
[EventDate "2009.03.05"]
[EventType "swiss"]
[EventRounds "9"]
[EventCountry "GER"]
[SourceTitle "CBM 129 Extra"]
[Source "ChessBase"]
[SourceDate "2009.05.05"]
[SourceVersion "2"]
[SourceVersionDate "2009.05.20"]
[SourceQuality "1"]

1. d4 Nf6 2. Bg5 c5 3. Bxf6 gxf6 4. d5 Qb6 5. Qc1 Na6 6. g3 f5 7. Bg2 Bg7 8. c3 Nc7 9. Nh3 Qd6 10. Qg5 Qh6 11. Nd2 Qxg5 12. Nxg5 d6 13. a4 e6 14. Nc4 Ke7 15. Ne3 Rb8 16. Kd1 Bd7 17. Kc2 Bh6 18. h4 Rhg8 19. Bf3 e5 20. Kd2 f6 21. Nh3 e4 22. Bg2 Nxd5 23. c4 Nxe3 24. fxe3 Rxg3 0-1

[Event "Regionalliga NO 0708"]
[Site "Bayern"]
[Date "2007.10.21"]
[Round "1.6"]
[White "Kirch, Daniel"]
[Black "Gradl, Winfried"]
[Result "1-0"]
[WhiteElo "2004"]
[BlackElo "1961"]
[PlyCount "53"]
[EventDate "2007.10.21"]
[EventType "team-tourn"]
[EventRounds "9"]
[EventCountry "GER"]
[SourceTitle "EXT 2009"]
[Source "ChessBase"]
[SourceDate "2008.11.26"]
[SourceVersion "1"]
[SourceVersionDate "2008.11.26"]
[SourceQuality "1"]
[WhiteTeam "Grossenseebach"]
[BlackTeam "Weiden"]
[WhiteTeamCountry "GER"]
[BlackTeamCountry "GER"]

1. d4 d5 2. c4 c6 3. cxd5 cxd5 4. Nc3 Nf6 5. Nf3 Nc6 6. Bf4 Bf5 7. e3 e6 8. Bb5 Nd7 9. 0-0 Be7 10. Rc1 Rc8 11. Na4 0-0 12. Bxc6 Rxc6 13. Rxc6 bxc6 14. Ne5 Nxe5 15. Bxe5 Qa5 16. a3 Qb5 17. f3 c5 18. Nxc5 Bxc5 19. dxc5 Qxc5 20. Bd4 Qc7 21. Qa4 a5 22. Bc3 Ra8 23. Rc1 e5 24. Qd1 Rd8 25. Qd2 Ra8 26. Qxd5 a4 27. Qxa8+ 1-0

[Event "Coulsdon Autumn-B"]
[Site "Coulsdon"]
[Date "2007.08.31"]
[Round "8"]
[White "Osborne, Marcus E"]
[Black "Gradl, Winfried"]
[Result "1-0"]
[WhiteElo "2246"]
[BlackElo "2136"]
[PlyCount "91"]
[EventDate "2007.08.27"]
[EventType "tourn"]
[EventRounds "9"]
[EventCountry "ENG"]
[SourceTitle "CBM 120 Extra"]
[Source "ChessBase"]
[SourceDate "2007.11.01"]
[SourceVersion "1"]
[SourceVersionDate "2007.11.01"]
[SourceQuality "1"]

1. d4 d5 2. c4 c6 3. Nc3 e5 4. dxe5 d4 5. Ne4 Qa5+ 6. Nd2 Nd7 7. e6 fxe6 8. g3 Ngf6 9. Bg2 e5 10. Ngf3 Bd6 11. 0-0 0-0 12. Ng5 Nc5 13. a3 Qc7 14. b4 Ne6 15. Nde4 Nxg5 16. Bxg5 Nxe4 17. Bxe4 Bh3 18. Qb3 Qf7 19. Bg2 Bxg2 20. Kxg2 b5 21. Rac1 a5 22. Bd2 a4 23. Qd3 Qd7 24. Qe4 Rac8 25. cxb5 cxb5 26. Qd5+ Kh8 27. f4 e4 28. Qxd4 Rxc1 29. Rxc1 Re8 30. Rd1 Qc6 31. Bc3 Bf8 32. Qd7 Qxd7 33. Rxd7 Rc8 34. Be5 Kg8 35. Rc7 Rd8 36. Bc3 Rd1 37. g4 Rb1 38. f5 h6 39. h4 Rb3 40. g5 hxg5 41. hxg5 Rxa3 42. Be5 Rb3 43. g6 Rxb4 44. f6 gxf6 45. Bxf6 Rc4 46. Rh7 1-0

[Event "Coulsdon Autumn-B"]
[Site "Coulsdon"]
[Date "2007.08.30"]
[Round "6"]
[White "Gibbs, Dominic V"]
[Black "Gradl, Winfried"]
[Result "0-1"]
[WhiteElo "1990"]
[BlackElo "2136"]
[PlyCount "113"]
[EventDate "2007.08.27"]
[EventType "tourn"]
[EventRounds "9"]
[EventCountry "ENG"]
[SourceTitle "CBM 120 Extra"]
[Source "ChessBase"]
[SourceDate "2007.11.01"]
[SourceVersion "1"]
[SourceVersionDate "2007.11.01"]
[SourceQuality "1"]

1. e4 c6 2. d4 d5 3. exd5 cxd5 4. c4 Nf6 5. Nc3 e6 6. Nf3 Bb4 7. cxd5 Nxd5 8. Bd2 Nc6 9. Bd3 0-0 10. 0-0 Be7 11. Qe2 Bf6 12. Qe4 g6 13. Bh6 Re8 14. Rfe1 Ndb4 15. d5 Nxd3 16. Qxd3 Nb4 17. Qd2 Nxd5 18. Nxd5 exd5 19. Qxd5 Be6 20. Qxb7 Qb8 21. Qa6 Qxb2 22. Rab1 Qxa2 23. Qc6 a5 24. Ng5 Qd5 25. Qc1 Bf5 26. Rd1 Qa2 27. Rb7 Be6 28. Nxe6 Qxe6 29. h3 a4 30. Rdd7 Qe1+ 31. Qxe1 Rxe1+ 32. Kh2 a3 33. Rd2 Ree8 34. Ra2 Bb2 35. Rbxb2 axb2 36. Rxb2 Ra7 37. h4 f6 38. Be3 Rd7 39. g3 h5 40. Kg2 Kf7 41. Rb6 Re6 42. Rb2 Rc6 43. Bf4 Ke6 44. Be3 Rd3 45. Kf3 Rcd6 46. Rb5 R6d5 47. Rb6+ Kf5 48. Rb4 g5 49. hxg5 fxg5 50. Kg2 Ra3 51. Rc4 g4 52. Rf4+ Kg6 53. Rb4 Ra1 54. Bd4 Rc1 55. Be3 Re1 56. Rb6+ Kf7 57. Rb7+ 0-1

[Event "Coulsdon Autumn-B"]
[Site "Coulsdon"]
[Date "2007.08.27"]
[Round "1"]
[White "Gibson, Christopher A"]
[Black "Gradl, Winfried"]
[Result "1-0"]
[WhiteElo "2014"]
[BlackElo "2136"]
[PlyCount "51"]
[EventDate "2007.08.27"]
[EventType "tourn"]
[EventRounds "9"]
[EventCountry "ENG"]
[SourceTitle "CBM 120 Extra"]
[Source "ChessBase"]
[SourceDate "2007.11.01"]
[SourceVersion "1"]
[SourceVersionDate "2007.11.01"]
[SourceQuality "1"]

1. d4 d5 2. c4 c6 3. Nf3 Nf6 4. Nc3 dxc4 5. a4 Na6 6. e4 Bg4 7. Bxc4 Bxf3 8. gxf3 e6 9. Be3 Nb4 10. a5 Be7 11. 0-0 0-0 12. Qe2 Qc7 13. f4 b5 14. Bb3 a6 15. Kh1 c5 16. dxc5 Bxc5 17. Rg1 Rfe8 18. e5 Qc6+ 19. f3 Bxe3 20. exf6 Bxg1 21. Qg2 g6 22. Rxg1 Nd5 23. Ne4 Qc7 24. Bxd5 exd5 25. Qg5 Rxe4 26. Qh6 1-0

[Event "Regionalliga NO 0607"]
[Site "Bayern"]
[Date "2007.04.01"]
[Round "8.6"]
[White "Gradl, Winfried"]
[Black "Boeller, Georg"]
[Result "1/2-1/2"]
[WhiteElo "2022"]
[BlackElo "1926"]
[PlyCount "56"]
[EventDate "2006.10.15"]
[EventType "team-tourn"]
[EventRounds "9"]
[EventCountry "GER"]
[SourceTitle "EXT 2008"]
[Source "ChessBase"]
[SourceDate "2007.11.25"]
[SourceVersion "1"]
[SourceVersionDate "2007.11.25"]
[SourceQuality "1"]
[WhiteTeam "Weiden"]
[BlackTeam "Hirschau"]
[WhiteTeamCountry "GER"]
[BlackTeamCountry "GER"]

1. d4 Nf6 2. c4 g6 3. Nc3 Bg7 4. e4 d6 5. Nf3 0-0 6. h3 e5 7. d5 Nbd7 8. Bg5 h6 9. Be3 Nc5 10. Nd2 a5 11. a3 Nh5 12. b4 axb4 13. axb4 Rxa1 14. Qxa1 Na6 15. Qa3 f5 16. Nb3 Nf4 17. g3 Nh5 18. Bd2 fxe4 19. Nxe4 Bf5 20. Bg2 Nf6 21. Nxf6+ Qxf6 22. 0-0 Bd3 23. Be3 Bxf1 24. Bxf1 h5 25. Nd2 Qf5 26. c5 Nb8 27. Qa7 Nd7 28. Qxb7 Kh7 1/2-1/2

[Event "Regionalliga NO 0607"]
[Site "Bayern"]
[Date "2007.03.18"]
[Round "7.5"]
[White "Gradl, Winfried"]
[Black "Sippl, Martin"]
[Result "0-1"]
[WhiteElo "2022"]
[BlackElo "1965"]
[PlyCount "70"]
[EventDate "2006.10.15"]
[EventType "team-tourn"]
[EventRounds "9"]
[EventCountry "GER"]
[SourceTitle "EXT 2008"]
[Source "ChessBase"]
[SourceDate "2007.11.25"]
[SourceVersion "1"]
[SourceVersionDate "2007.11.25"]
[SourceQuality "1"]
[WhiteTeam "Weiden"]
[BlackTeam "Postbauer Heng"]
[WhiteTeamCountry "GER"]
[BlackTeamCountry "GER"]

1. d4 Nf6 2. c4 g6 3. Nc3 Bg7 4. e4 d6 5. Nf3 0-0 6. h3 e5 7. d5 a5 8. Bg5 Na6 9. g4 Nc5 10. Nd2 Qd7 11. Qf3 Ne8 12. Qg3 f6 13. Be3 b6 14. Be2 Qf7 15. Rg1 Kh8 16. Nf3 Qe7 17. Nh4 Bd7 18. 0-0-0 Rb8 19. Rg2 Qd8 20. Rdg1 Qc8 21. Nf3 c6 22. Qh4 Na6 23. Bh6 b5 24. b3 bxc4 25. Bxc4 a4 26. Bxg7+ Nxg7 27. g5 f5 28. exf5 Nxf5 29. Bxa6 Qxa6 30. Qxa4 Qd3 31. Ne4 Qxf3 32. Nf6 Ra8 33. Qg4 Qc3+ 34. Kb1 Nd4 35. Qd1 Rxa2 0-1

[Event "Regionalliga NO 0607"]
[Site "Bayern"]
[Date "2006.10.29"]
[Round "2.5"]
[White "Gradl, Winfried"]
[Black "Hein, Manfred"]
[Result "0-1"]
[WhiteElo "2012"]
[BlackElo "2037"]
[PlyCount "84"]
[EventDate "2006.10.15"]
[EventType "team-tourn"]
[EventRounds "9"]
[EventCountry "GER"]
[SourceTitle "EXT 2008"]
[Source "ChessBase"]
[SourceDate "2007.11.25"]
[SourceVersion "1"]
[SourceVersionDate "2007.11.25"]
[SourceQuality "1"]
[WhiteTeam "Weiden"]
[BlackTeam "Gunzenhausen"]
[WhiteTeamCountry "GER"]
[BlackTeamCountry "GER"]

1. d4 d5 2. c4 e6 3. cxd5 exd5 4. Nc3 c6 5. Bf4 Bf5 6. e3 Qb6 7. Qb3 Qxb3 8. axb3 Nd7 9. Kd2 Ngf6 10. f3 Bb4 11. g4 Nxg4 12. fxg4 Be4 13. Nf3 Bxf3 14. Rg1 Nf6 15. Bd3 Be4 16. Be5 Bxd3 17. Bxf6 gxf6 18. Kxd3 0-0 19. Ne2 Bd6 20. Raf1 Bxh2 21. Rh1 Bc7 22. Rxf6 Kg7 23. Rfh6 Rh8 24. Ng1 Rae8 25. Nf3 Bd8 26. Rd6 Re6 27. Rd7 Re7 28. Rxe7 Bxe7 29. Rh5 h6 30. Rf5 Bf6 31. Ne5 Rd8 32. Ke2 Rd6 33. Nd3 Re6 34. Kf3 Bg5 35. Nf4 Bxf4 36. Kxf4 Rf6 37. g5 Rxf5+ 38. Kxf5 h5 39. b4 a6 40. e4 dxe4 41. Kxe4 Kg6 42. Kf4 f6 0-1

[Event "Staufer op 18th"]
[Site "Schwaebisch Gmuend"]
[Date "2006.01.04"]
[Round "6"]
[White "Gradl, Winfried"]
[Black "Thiel, Kuno"]
[Result "0-1"]
[WhiteElo "2132"]
[BlackElo "2257"]
[PlyCount "46"]
[EventDate "2006.01.02"]
[EventType "swiss"]
[EventRounds "9"]
[EventCountry "GER"]
[SourceTitle "EXT 2007"]
[Source "ChessBase"]
[SourceDate "2006.11.23"]
[SourceVersion "1"]
[SourceVersionDate "2006.11.23"]
[SourceQuality "1"]

1. d4 Nf6 2. c4 e6 3. Nf3 b6 4. a3 c5 5. d5 exd5 6. cxd5 g6 7. Nc3 d6 8. e4 Bg7 9. Bd3 0-0 10. 0-0 Bg4 11. h3 Bxf3 12. Qxf3 a6 13. a4 Nbd7 14. Bf4 Qc7 15. Qe2 Rfe8 16. Bxa6 Nxe4 17. Nxe4 f5 18. Bxd6 Qd8 19. f3 Bd4+ 20. Kh1 fxe4 21. fxe4 Nf6 22. e5 Nh5 23. Bb5 Ng3+ 0-1